| 000 | 02435cam a2200433 i 4500 | ||
|---|---|---|---|
| 001 | 20595300 | ||
| 005 | 20250428100445.0 | ||
| 008 | 180412s2019 ilu b 001 0 eng c | ||
| 010 | _a 2018010395 | ||
| 020 | _a9780838917121 (softcover : alk. paper) | ||
| 020 | _z9780838917602 (epub) | ||
| 020 | _z9780838917619 (pdf) | ||
| 020 | _z9780838917626 (kindle) | ||
| 040 |
_aLBSOR/DLC _beng _cLBSOR _erda _dDLC |
||
| 042 | _apcc | ||
| 043 | _an-us--- | ||
| 050 | 0 | 0 |
_aZ687 _b.G68 2019 |
| 082 | 0 | 0 |
_a025.21 _223 |
| 100 | 1 |
_aGregory, Vicki L., _d1950- _eauthor. _95371 |
|
| 245 | 1 | 0 |
_aCollection development and management for 21st century library collections : _ban introduction / _cVicki L. Gregory. |
| 246 | 3 | 0 | _aCollection development and management for twenty-first century library collections |
| 250 | _aSecond edition. | ||
| 264 | 1 |
_aChicago : _bALA Neal-Schuman, an imprint of the American Library Association, _c2019. |
|
| 300 |
_axvii, 264 pages ; _c26 cm |
||
| 336 |
_atext _2rdacontent |
||
| 337 |
_aunmediated _2rdamedia |
||
| 338 |
_avolume _2rdacarrier |
||
| 504 | _aIncludes bibliographical references and index. | ||
| 505 | 0 | _aThe impact of new technologies on collection development and management -- Assessing user needs and marketing the collection to those users -- Collection development policies -- Selection sources and processes -- Acquisitions -- Budgeting and fiscal management -- Assessment and evaluation of the collection, including deselection (weeding) -- Cooperative collection development and resource sharing -- Legal issues in collection development -- Professional ethics and intellectual freedom -- Preservation -- The future of collection development and management. | |
| 520 |
_a"Learn the basics of collection development and management with Collection Development and Management for 21st Century Library Collections. This second edition is a refreshment of a standard title in the field"-- _cProvided by publisher. |
||
| 650 | 0 |
_aCollection management (Libraries) _95372 |
|
| 650 | 0 |
_aCollection management (Libraries) _zUnited States. _95373 |
|
| 650 | 0 |
_aCollection development (Libraries) _95374 |
|
| 650 | 0 |
_aCollection development (Libraries) _zUnited States. _95375 |
|
| 710 | 2 |
_aAmerican Library Association, _eissuing body. _95376 |
|
| 906 |
_a7 _bcbc _corignew _d1 _eecip _f20 _gy-gencatlg |
||
| 942 |
_2ddc _cREF |
||
| 999 |
_c6616 _d6616 |
||